000 00949cam a22002891 4500
008
049 _aMAIN
090 0 _aRS403 TEX
245 0 0 _aTextbook of organic medicinal and pharmaceutical chemistry /
_cT.C. Daniels...[et al]; edited by Charles O. Wilson and Ole Gisvold.
250 _a2nd ed.
260 _aPhiladelphia,
_bLippincott
_c1954.
300 _axvi, 807 p.
_bill. ;
_c26 cm.
500 _aIncludes index.
504 _aIncludes bibliographical references.
500 _aFirst ed. published in 1949 under title: Organic chemistry in pharmacy.
650 0 _aPharmaceutical chemistry.
650 0 _aChemistry
_xOrganic.
700 _aDaniels, T. C.
700 _aDoerge, Robert F.
700 1 _aGisvold, Ole
700 _aWilson, Charles O.
907 _a.b10220070
_b17-07-12
_c17-11-06
003
005 20230120203934.0
040 _cNUST
942 _cBOOKS
_kRS403 TEX
999 _c114217
_d114217